<?xml version="1.0" encoding="UTF-8"?>
<record
    xmlns:xsi="http://www.w3.org/2001/XMLSchema-instance"
    xsi:schemaLocation="http://www.loc.gov/MARC21/slim http://www.loc.gov/standards/marcxml/schema/MARC21slim.xsd"
    xmlns="http://www.loc.gov/MARC21/slim">

  <leader>04104nam a22003017a 4500</leader>
  <controlfield tag="003">NALT</controlfield>
  <controlfield tag="005">20230422074253.0</controlfield>
  <controlfield tag="008">230219b        th ||||| |||| 00| 0 tha d</controlfield>
  <datafield tag="020" ind1=" " ind2=" ">
    <subfield code="a">9789740205548</subfield>
  </datafield>
  <datafield tag="040" ind1=" " ind2=" ">
    <subfield code="a">NALT</subfield>
  </datafield>
  <datafield tag="041" ind1=" " ind2=" ">
    <subfield code="a">tha</subfield>
  </datafield>
  <datafield tag="050" ind1=" " ind2=" ">
    <subfield code="a">DS 581</subfield>
    <subfield code="b">&#xE01;976&#xE04; 2553</subfield>
  </datafield>
  <datafield tag="100" ind1="0" ind2=" ">
    <subfield code="a">&#xE44;&#xE01;&#xE23;&#xE24;&#xE01;&#xE29;&#xE4C; &#xE19;&#xE32;&#xE19;&#xE32;</subfield>
    <subfield code="9">10215</subfield>
  </datafield>
  <datafield tag="245" ind1="1" ind2="0">
    <subfield code="a">&#xE04;&#xE49;&#xE19;&#xE2B;&#xE32;&#xE23;&#xE31;&#xE15;&#xE19;&#xE42;&#xE01;&#xE2A;&#xE34;&#xE19;&#xE17;&#xE23;&#xE4C; 2 &#xE40;&#xE17;&#xE34;&#xE14;&#xE1E;&#xE23;&#xE30;&#xE40;&#xE01;&#xE35;&#xE22;&#xE23;&#xE15;&#xE34; 100 &#xE1B;&#xE35; &#xE27;&#xE31;&#xE19;&#xE2A;&#xE27;&#xE23;&#xE23;&#xE04;&#xE15;&#xE23;&#xE31;&#xE0A;&#xE01;&#xE32;&#xE25;&#xE17;&#xE35;&#xE48; 5 /</subfield>
    <subfield code="c">&#xE44;&#xE01;&#xE23;&#xE24;&#xE01;&#xE29;&#xE4C; &#xE19;&#xE32;&#xE19;&#xE32;.</subfield>
  </datafield>
  <datafield tag="250" ind1=" " ind2=" ">
    <subfield code="a">&#xE1E;&#xE34;&#xE21;&#xE1E;&#xE4C;&#xE04;&#xE23;&#xE31;&#xE49;&#xE07;&#xE41;&#xE23;&#xE01;.</subfield>
  </datafield>
  <datafield tag="260" ind1=" " ind2=" ">
    <subfield code="a">&#xE01;&#xE23;&#xE38;&#xE07;&#xE40;&#xE17;&#xE1E;&#xE2F; : </subfield>
    <subfield code="b">&#xE21;&#xE15;&#xE34;&#xE0A;&#xE19;,</subfield>
    <subfield code="c">2553.</subfield>
  </datafield>
  <datafield tag="300" ind1=" " ind2=" ">
    <subfield code="a">(31), 351 &#xE2B;&#xE19;&#xE49;&#xE32; :</subfield>
    <subfield code="b">&#xE20;&#xE32;&#xE1E;&#xE1B;&#xE23;&#xE30;&#xE01;&#xE2D;&#xE1A; ;</subfield>
    <subfield code="c">24 &#xE0B;&#xE21;.</subfield>
  </datafield>
  <datafield tag="505" ind1="0" ind2=" ">
    <subfield code="a">&#xE04;&#xE49;&#xE19;&#xE2B;&#xE32;&#xE23;&#xE31;&#xE15;&#xE19;&#xE42;&#xE01;&#xE2A;&#xE34;&#xE19;&#xE17;&#xE23;&#xE4C; 100 &#xE1B;&#xE35; &#xE27;&#xE31;&#xE19;&#xE2A;&#xE27;&#xE23;&#xE23;&#xE04;&#xE15;&#xE23;&#xE31;&#xE0A;&#xE01;&#xE32;&#xE25;&#xE17;&#xE35;&#xE48; 5 -- &#xE04;&#xE49;&#xE19;&#xE2B;&#xE32;&#xE23;&#xE31;&#xE15;&#xE19;&#xE42;&#xE01;&#xE2A;&#xE34;&#xE19;&#xE17;&#xE23;&#xE4C; &#xE1B;&#xE23;&#xE30;&#xE18;&#xE32;&#xE19;&#xE32;&#xE18;&#xE34;&#xE1A;&#xE14;&#xE35;&#xE2D;&#xE40;&#xE21;&#xE23;&#xE34;&#xE01;&#xE31;&#xE19;&#xE43;&#xE19;&#xE23;&#xE32;&#xE0A;&#xE2A;&#xE33;&#xE19;&#xE31;&#xE01;&#xE44;&#xE17;&#xE22; -- "&#xE1E;&#xE23;&#xE30;&#xE40;&#xE08;&#xE49;&#xE32;&#xE0B;&#xE32;&#xE23;&#xE4C;" &#xE40;&#xE1A;&#xE37;&#xE49;&#xE2D;&#xE07;&#xE2B;&#xE25;&#xE31;&#xE07;&#xE19;&#xE42;&#xE22;&#xE1A;&#xE32;&#xE22;&#xE01;&#xE32;&#xE23;&#xE40;&#xE21;&#xE37;&#xE2D;&#xE07;&#xE44;&#xE17;&#xE22; (1) &#xE15;&#xE2D;&#xE19; : &#xE40;&#xE02;&#xE35;&#xE22;&#xE19;&#xE40;&#xE2A;&#xE37;&#xE2D;&#xE43;&#xE2B;&#xE49;&#xE27;&#xE31;&#xE27;&#xE01;&#xE25;&#xE31;&#xE27; -- "&#xE1E;&#xE23;&#xE30;&#xE40;&#xE08;&#xE49;&#xE32;&#xE0B;&#xE32;&#xE23;&#xE4C;" &#xE40;&#xE1A;&#xE37;&#xE49;&#xE2D;&#xE07;&#xE2B;&#xE25;&#xE31;&#xE07;&#xE19;&#xE42;&#xE22;&#xE1A;&#xE32;&#xE22;&#xE01;&#xE32;&#xE23;&#xE40;&#xE21;&#xE37;&#xE2D;&#xE07;&#xE44;&#xE17;&#xE22; (2) &#xE15;&#xE2D;&#xE19; : &#xE27;&#xE32;&#xE17;&#xE30;&#xE17;&#xE39;&#xE15;&#xE23;&#xE31;&#xE2A;&#xE40;&#xE0B;&#xE35;&#xE22;-&#xE07;&#xE32;&#xE19;&#xE40;&#xE25;&#xE35;&#xE49;&#xE22;&#xE07;&#xE01;&#xE48;&#xE2D;&#xE19;&#xE2A;&#xE27;&#xE23;&#xE23;&#xE04;&#xE15; -- &#xE15;&#xE32;&#xE21;&#xE2B;&#xE32;&#xE15;&#xE49;&#xE19;&#xE41;&#xE1A;&#xE1A;&#xE23;&#xE39;&#xE1B; "&#xE08;&#xE49;&#xE32;&#xE27;&#xE27;&#xE34;&#xE25;&#xE32;&#xE14;" &#xE21;&#xE23;&#xE14;&#xE01;&#xE41;&#xE2B;&#xE48;&#xE07;&#xE23;&#xE31;&#xE15;&#xE19;&#xE42;&#xE01;&#xE2A;&#xE34;&#xE19;&#xE17;&#xE23;&#xE4C;&#xE17;&#xE35;&#xE48;&#xE16;&#xE39;&#xE01;&#xE25;&#xE37;&#xE21; -- &#xE27;&#xE32;&#xE17;&#xE01;&#xE23;&#xE23;&#xE21;&#xE01;&#xE32;&#xE23;&#xE40;&#xE21;&#xE37;&#xE2D;&#xE07;&#xE1E;&#xE23;&#xE30;&#xE40;&#xE08;&#xE49;&#xE32;&#xE01;&#xE23;&#xE38;&#xE07;&#xE2A;&#xE22;&#xE32;&#xE21;&#xE01;&#xE31;&#xE1A;&#xE19;&#xE42;&#xE1B;&#xE40;&#xE25;&#xE35;&#xE22;&#xE19; -- &#xE27;&#xE32;&#xE17;&#xE01;&#xE23;&#xE23;&#xE21;&#xE01;&#xE32;&#xE23;&#xE40;&#xE21;&#xE37;&#xE2D;&#xE07;&#xE19;&#xE42;&#xE1B;&#xE40;&#xE25;&#xE35;&#xE22;&#xE19;&#xE01;&#xE31;&#xE1A;&#xE1E;&#xE23;&#xE30;&#xE40;&#xE08;&#xE49;&#xE32;&#xE01;&#xE23;&#xE38;&#xE07;&#xE2A;&#xE22;&#xE32;&#xE21;&#xE40;&#xE21;&#xE37;&#xE48;&#xE2D;&#xE19;&#xE49;&#xE33;&#xE1C;&#xE36;&#xE49;&#xE07;&#xE2B;&#xE27;&#xE32;&#xE19;&#xE01;&#xE25;&#xE32;&#xE22;&#xE40;&#xE1B;&#xE47;&#xE19;&#xE02;&#xE21; -- &#xE2A;&#xE37;&#xE1A;&#xE08;&#xE32;&#xE01;&#xE20;&#xE32;&#xE1E; &#xE2B;&#xE25;&#xE31;&#xE01;&#xE10;&#xE32;&#xE19;&#xE43;&#xE2B;&#xE21;&#xE48; &#xE1E;&#xE25;&#xE34;&#xE01;&#xE1B;&#xE23;&#xE30;&#xE27;&#xE31;&#xE15;&#xE34;&#xE28;&#xE32;&#xE2A;&#xE15;&#xE23;&#xE4C; &#xE43;&#xE04;&#xE23; "&#xE2A;&#xE27;&#xE21;&#xE21;&#xE07;&#xE01;&#xE38;&#xE0E;" &#xE01;&#xE29;&#xE31;&#xE15;&#xE23;&#xE34;&#xE22;&#xE4C;&#xE40;&#xE02;&#xE21;&#xE23;? -- &#xE08;&#xE30;&#xE40;&#xE01;&#xE34;&#xE14;&#xE2D;&#xE30;&#xE44;&#xE23;&#xE02;&#xE36;&#xE49;&#xE19;&#xE01;&#xE31;&#xE1A;&#xE23;&#xE31;&#xE2A;&#xE40;&#xE0B;&#xE35;&#xE22;&#xE16;&#xE49;&#xE32;&#xE40;&#xE1B;&#xE25;&#xE35;&#xE48;&#xE22;&#xE19;&#xE1B;&#xE23;&#xE30;&#xE27;&#xE31;&#xE15;&#xE34;&#xE28;&#xE32;&#xE2A;&#xE15;&#xE23;&#xE4C;&#xE44;&#xE14;&#xE49;? : &#xE1A;&#xE38;&#xE04;&#xE04;&#xE25;&#xE1C;&#xE39;&#xE49;&#xE2D;&#xE22;&#xE39;&#xE48;&#xE40;&#xE1A;&#xE37;&#xE49;&#xE2D;&#xE07;&#xE2B;&#xE25;&#xE31;&#xE07;&#xE04;&#xE27;&#xE32;&#xE21;&#xE04;&#xE34;&#xE14;&#xE02;&#xE2D;&#xE07;&#xE0B;&#xE32;&#xE23;&#xE4C; (1) -- &#xE08;&#xE30;&#xE40;&#xE01;&#xE34;&#xE14;&#xE2D;&#xE30;&#xE44;&#xE23;&#xE02;&#xE36;&#xE49;&#xE19;&#xE01;&#xE31;&#xE1A;&#xE23;&#xE31;&#xE2A;&#xE40;&#xE0B;&#xE35;&#xE22;&#xE16;&#xE49;&#xE32;&#xE40;&#xE1B;&#xE25;&#xE35;&#xE48;&#xE22;&#xE19;&#xE1B;&#xE23;&#xE30;&#xE27;&#xE31;&#xE15;&#xE34;&#xE28;&#xE32;&#xE2A;&#xE15;&#xE23;&#xE4C;&#xE44;&#xE14;&#xE49;? : &#xE2D;&#xE38;&#xE14;&#xE21;&#xE01;&#xE32;&#xE23;&#xE13;&#xE4C;&#xE02;&#xE2D;&#xE07;&#xE0B;&#xE32;&#xE23;&#xE4C;&#xE44;&#xE21;&#xE48;&#xE43;&#xE0A;&#xE48;&#xE2B;&#xE25;&#xE31;&#xE01;&#xE01;&#xE32;&#xE23;&#xE02;&#xE2D;&#xE07;&#xE22;&#xE38;&#xE42;&#xE23;&#xE1B; (2) -- &#xE08;&#xE30;&#xE40;&#xE01;&#xE34;&#xE14;&#xE2D;&#xE30;&#xE44;&#xE23;&#xE02;&#xE36;&#xE49;&#xE19;&#xE01;&#xE31;&#xE1A;&#xE23;&#xE31;&#xE2A;&#xE40;&#xE0B;&#xE35;&#xE22;&#xE16;&#xE49;&#xE32;&#xE40;&#xE1B;&#xE25;&#xE35;&#xE48;&#xE22;&#xE19;&#xE1B;&#xE23;&#xE30;&#xE27;&#xE31;&#xE15;&#xE34;&#xE28;&#xE32;&#xE2A;&#xE15;&#xE23;&#xE4C;&#xE44;&#xE14;&#xE49;? : &#xE01;&#xE32;&#xE23;&#xE22;&#xE36;&#xE14;&#xE15;&#xE34;&#xE14;&#xE01;&#xE31;&#xE1A;&#xE2D;&#xE33;&#xE19;&#xE32;&#xE08; &#xE0A;&#xE32;&#xE15;&#xE34;&#xE01;&#xE33;&#xE40;&#xE19;&#xE34;&#xE14;&#xE02;&#xE2D;&#xE07;&#xE0B;&#xE32;&#xE23;&#xE4C;&#xE17;&#xE33;&#xE43;&#xE2B;&#xE49;&#xE1A;&#xE49;&#xE32;&#xE19;&#xE40;&#xE21;&#xE37;&#xE2D;&#xE07;&#xE25;&#xE48;&#xE21;&#xE2A;&#xE25;&#xE32;&#xE22; (&#xE08;&#xE1A;) -- "&#xE02;&#xE2D;&#xE07;" &#xE17;&#xE35;&#xE48;&#xE1E;&#xE23;&#xE30;&#xE40;&#xE08;&#xE49;&#xE32;&#xE0B;&#xE32;&#xE23;&#xE4C;&#xE25;&#xE37;&#xE21;&#xE44;&#xE27;&#xE49;&#xE43;&#xE19;&#xE1B;&#xE32;&#xE23;&#xE35;&#xE2A; -- "&#xE01;&#xE32;&#xE23;&#xE23;&#xE2D;&#xE14;&#xE0A;&#xE35;&#xE27;&#xE34;&#xE15;" &#xE41;&#xE25;&#xE30; "&#xE40;&#xE1A;&#xE37;&#xE49;&#xE2D;&#xE07;&#xE2B;&#xE25;&#xE31;&#xE07;" &#xE01;&#xE32;&#xE23;&#xE25;&#xE2D;&#xE1A;&#xE1B;&#xE25;&#xE07;&#xE1E;&#xE23;&#xE30;&#xE0A;&#xE19;&#xE21;&#xE4C;&#xE23;&#xE32;&#xE0A;&#xE27;&#xE07;&#xE28;&#xE4C;&#xE23;&#xE31;&#xE2A;&#xE40;&#xE0B;&#xE35;&#xE22; &#xE04;&#xE33;&#xE43;&#xE2B;&#xE49;&#xE01;&#xE32;&#xE23;&#xE02;&#xE2D;&#xE07;&#xE1C;&#xE39;&#xE49;&#xE23;&#xE39;&#xE49;&#xE40;&#xE2B;&#xE47;&#xE19;&#xE40;&#xE2B;&#xE15;&#xE38;&#xE01;&#xE32;&#xE23;&#xE13;&#xE4C;.</subfield>
  </datafield>
  <datafield tag="650" ind1=" " ind2="4">
    <subfield code="a">&#xE01;&#xE29;&#xE31;&#xE15;&#xE23;&#xE34;&#xE22;&#xE4C;&#xE41;&#xE25;&#xE30;&#xE1C;&#xE39;&#xE49;&#xE04;&#xE23;&#xE2D;&#xE07;&#xE19;&#xE04;&#xE23;</subfield>
    <subfield code="z">&#xE44;&#xE17;&#xE22;</subfield>
    <subfield code="9">48</subfield>
  </datafield>
  <datafield tag="651" ind1=" " ind2="0">
    <subfield code="a">&#xE44;&#xE17;&#xE22;</subfield>
    <subfield code="x">&#xE1B;&#xE23;&#xE30;&#xE27;&#xE31;&#xE15;&#xE34;&#xE28;&#xE32;&#xE2A;&#xE15;&#xE23;&#xE4C;</subfield>
    <subfield code="y">&#xE01;&#xE23;&#xE38;&#xE07;&#xE23;&#xE31;&#xE15;&#xE19;&#xE42;&#xE01;&#xE2A;&#xE34;&#xE19;&#xE17;&#xE23;&#xE4C;</subfield>
    <subfield code="y">&#xE23;&#xE31;&#xE0A;&#xE01;&#xE32;&#xE25;&#xE17;&#xE35;&#xE48; 5, 2411-2453</subfield>
    <subfield code="9">4578</subfield>
  </datafield>
  <datafield tag="651" ind1=" " ind2="4">
    <subfield code="a">&#xE44;&#xE17;&#xE22;</subfield>
    <subfield code="x">&#xE1B;&#xE23;&#xE30;&#xE27;&#xE31;&#xE15;&#xE34;&#xE28;&#xE32;&#xE2A;&#xE15;&#xE23;&#xE4C;</subfield>
    <subfield code="y">&#xE01;&#xE23;&#xE38;&#xE07;&#xE23;&#xE31;&#xE15;&#xE19;&#xE42;&#xE01;&#xE2A;&#xE34;&#xE19;&#xE17;&#xE23;&#xE4C;, 2325- </subfield>
    <subfield code="9">12703</subfield>
  </datafield>
  <datafield tag="651" ind1=" " ind2="4">
    <subfield code="a">&#xE23;&#xE31;&#xE2A;&#xE40;&#xE0B;&#xE35;&#xE22; </subfield>
    <subfield code="x">&#xE1B;&#xE23;&#xE30;&#xE27;&#xE31;&#xE15;&#xE34;&#xE28;&#xE32;&#xE2A;&#xE15;&#xE23;&#xE4C;</subfield>
    <subfield code="9">26171</subfield>
  </datafield>
  <datafield tag="850" ind1=" " ind2=" ">
    <subfield code="a">NALT</subfield>
  </datafield>
  <datafield tag="942" ind1=" " ind2=" ">
    <subfield code="c">GB</subfield>
    <subfield code="2">lcc</subfield>
  </datafield>
  <datafield tag="996" ind1=" " ind2=" ">
    <subfield code="a">kornsiririn.r</subfield>
    <subfield code="b">CATSTF	</subfield>
    <subfield code="c">2023-02-19</subfield>
  </datafield>
  <datafield tag="996" ind1=" " ind2=" ">
    <subfield code="a">phornvitoo</subfield>
    <subfield code="b">CATSTF	</subfield>
    <subfield code="c">2023-03-27</subfield>
  </datafield>
  <datafield tag="999" ind1=" " ind2=" ">
    <subfield code="c">101415</subfield>
    <subfield code="d">101415</subfield>
  </datafield>
  <datafield tag="998" ind1=" " ind2=" ">
    <subfield code="j"></subfield>
    <subfield code="k">CRON CRON</subfield>
  </datafield>
  <datafield tag="952" ind1=" " ind2=" ">
    <subfield code="0">0</subfield>
    <subfield code="1">0</subfield>
    <subfield code="2">lcc</subfield>
    <subfield code="4">0</subfield>
    <subfield code="7">0</subfield>
    <subfield code="8">CSEN</subfield>
    <subfield code="a">NALT</subfield>
    <subfield code="b">NALT</subfield>
    <subfield code="c">GEN</subfield>
    <subfield code="d">2023-02-19</subfield>
    <subfield code="o">DS 581 &#xE01;976&#xE04; 2553 &#xE25;.2</subfield>
    <subfield code="p">0100005647001</subfield>
    <subfield code="r">2023-03-31 00:00:00</subfield>
    <subfield code="w">2023-02-19</subfield>
    <subfield code="y">GB</subfield>
  </datafield>
</record>
